000 00336nam a22001217a 4500
082 _a358.20954
_bSHO
100 _aBinney, E.V.
_949715
245 _aA short history of the 17th and 22nd field companies./
300 _avii, 131 p,;
_bGraph:
_c16cm
526 _a0
_b0
_c0
_d358_209540000000000_SHO
650 _aMCE
_9379
942 _2ddc
_cBK
999 _c552861
_d552861